| 000 | 01293nab a22002537a 4500 | ||
|---|---|---|---|
| 999 |
_c5443 _d5443 |
||
| 003 | OSt | ||
| 005 | 20251020112751.0 | ||
| 008 | 190604e xxu||||| |||| 00| 0 spa d | ||
| 040 | _cPJ | ||
| 100 |
_aLeonardi, Juan Manuel _95456 |
||
| 245 | 1 | 0 |
_aObligación alimentaria derivada de la responsabilidad parental, cuidado personal y perspectiva de género / _cJuan Manuel Leonardi. |
| 260 |
_aCiudad Autónoma de Buenos Aires : _bThomson Reuters La Ley, _c2025. |
||
| 300 | _ap. 71-74 | ||
| 500 | _aCita Online: TR LALEY AR/DOC/784/2025. | ||
| 505 | _aEl análisis a realizar sobre el tema estará enfocado exclusivamente a los asuntos de alimentos correspondientes a los hijos menores por parte de los progenitores obligados a prestarlos; queda fuera de esta nota lo atinente a la "violencia de género". | ||
| 505 | _t¿Te interesa el texto completo? Solicitalo al correo: koha@justierradelfuego.gov.ar | ||
| 650 | 0 |
_9968 _aALIMENTOS |
|
| 650 | 0 |
_91015 _aRESPONSABILIDAD PARENTAL |
|
| 650 | 0 |
_94097 _aINTERES SUPERIOR DEL NIÑO |
|
| 650 | 0 |
_94099 _aCUOTA ALIMENTARIA |
|
| 650 | 0 |
_aPERSPECTIVA DE GENERO _94044 |
|
| 773 | 0 |
_02714 _93171 _dCiudad Autónoma de Buenos Aires : Thomson Reuters La Ley, 2014- _tRevista anales de legislación argentina. Nº 4 - Mayo 2025. |
|
| 942 |
_2udc _cANA |
||